000 00543nam a2200181Ia 4500
008 090630s9999 xx 000 0 und d
082 _b1734
100 _aआपटे ना. ह.
245 _aअपेक्षा.
_cआपटे ना. ह.
260 _bआपटे आणि मंडळी.
_c1966
300 _a205
600 _aआपटे ना. ह.
630 _aअपेक्षा.
655 _aकादंबरी.
700 _aआपटे ना. ह.
730 _aअपेक्षा.
942 _cBOOK
999 _c253590
_d253590